00601nam a2200193Ia 4500008004100000020001800041082001600059100002100075245003300096250000800129260003500137300002800172500001900200600003300219650001200252942000700264952011900271999001700390240925s9999 xx 000 0 und d a9780073380667 a530.141 HAY aHayt, William H. 0aEngineering Electromagnetics a8th aNew York:bMcGraw-Hillc,2006. axli,436p.bNAfOriginal aIncludes Index aHumanities & Natural Science aPhysics cBK 001040708HUMaUITUbUITUd2014-09-01eF.B.Cg865.00l0o530.141 HAYpQ9939r2024-09-25 07:15:32w2024-09-25yBK c12438d12438